000 00388nam a22001457a 4500
999 _c15665
_d15665
003 OSt
008 190524b ||||| |||| 00| 0 eng d
020 _a9789352833962
082 _a620.1
_bKHU/TE
100 _aKhurmi, R S
_94156
245 _aA Text book of Engineering Mechanics / (SI units)
260 _aNew Delhi
_bS. Chand and Company Limited
_c2019
300 _a755 p.
942 _cBK